Australian Celebrities - Sudden Death - Statistics

General Stats
  • This quiz has been taken 98 times
  • The average score is 10 of 18
Answers on the Grid
Answers color-coded by a green-red scale on the quiz's grid according to % correct below.
Vance Joy
Troye Sivan
Olivia Newton-John
Kylie Minogue
Sia
Keith Urban
Tame Impala
AC/DC
Pendulum
Iggy Azalea
Joji
Robert Irwin
Rebel Wilson
Isla Fisher
Jacob Elordi
Phoebe Tonkin
Nicole Kidman
Heath Ledger
The Police
Zac Efron
Winona Ryder
Ryan Gosling
Reese Witherspoon
Michael Phelps
Meryl Streep
Amy Winehouse
Cameron Diaz
Avicii
Daft Punk
The Wombats
 
Answer Stats
Answer % Correct
Nicole Kidman
84%
Kylie Minogue
82%
Heath Ledger
75%
Robert Irwin
73%
Olivia Newton-John
68%
Iggy Azalea
66%
AC/DC
60%
Rebel Wilson
60%
Sia
60%
Keith Urban
59%
Isla Fisher
52%
Jacob Elordi
44%
Troye Sivan
38%
Vance Joy
38%
Tame Impala
36%
Phoebe Tonkin
34%
Pendulum
25%
Joji
23%
No matching quizzes found
Score Distribution
Percent of People with Each Score
Percentile by Number Answered
Your Score History
You have not taken this quiz